[Event "Capablanca Memorial-A"]
[Site "Cienfuegos"]
[Date "1991.??.??"]
[Round "7"]
[White "Armas, Jorge"]
[Black "Antunes, Antonio"]
[Result "0-1"]
[WhiteElo "2395"]
[BlackElo "2460"]
[Annotator "Horn,Pe"]
[PlyCount "92"]
[EventDate "1991.??.??"]
[EventType "tourn"]
[EventRounds "13"]
[EventCountry "CUB"]
[EventCategory "10"]
[SourceTitle "CBM 026"]
[Source "ChessBase"]
[SourceDate "1992.02.01"]
[SourceVersion "1"]
[SourceVersionDate "1992.02.01"]
[SourceQuality "1"]

1. Nf3 d5 2. g3 Nf6 3. Bg2 Bg4 4. c4 c6 5. cxd5 Bxf3 $1 $10 6. Bxf3 cxd5 7. O-O
e6 8. Nc3 Be7 9. d3 Nc6 10. e4 (10. a3) 10... dxe4 11. dxe4 O-O 12. Be3 Qa5 {N}
(12... Nd7 13. Rc1 Bc5 14. Qe2 Qe7 15. Rfd1 Bxe3 (15... Rfd8 $1 $10) 16. Qxe3
Rfd8 $10 {Portisch-Matanovic, Wijk 1968}) 13. a3 $6 (13. Qb3 $5) 13... Rfd8 14.
Qe2 Ne5 15. Rfd1 (15. b4 $6 Qa6) 15... Rac8 16. Kg2 (16. Bg2 Neg4 17. Bd4 e5) (
16. Rxd8+ Rxd8 17. Rd1 Rxd1+ 18. Nxd1 (18. Qxd1 Nxf3+ 19. Qxf3 Bxa3)) 16... a6
17. Rxd8+ Rxd8 18. Rd1 Rxd1 19. Nxd1 (19. Qxd1 Nc4) 19... h6 20. Bf4 (20. Bd4
$10 Nxf3 21. Kxf3 (21. Qxf3 Qd2 22. Bc3 Qc2 $17)) 20... Nxf3 21. Qxf3 (21. Kxf3
g5 22. Bd2 Qe5 23. Nc3 Qd4 $15) 21... g5 $1 22. Be3 Qe5 23. Nc3 b5 (23... Bxa3
24. Bxg5 hxg5 25. bxa3) 24. Bb6 $2 (24. Ba7 $1 b4 (24... a5 25. Qe3 b4 26. Bd4)
25. axb4 Bxb4 26. Bb8 Qxb8 27. Qxf6 $10) 24... b4 25. axb4 Bxb4 {><e4} 26. Bc7
Qxc7 27. Qxf6 Bxc3 28. bxc3 (28. Qxc3 $4 Qxc3 29. bxc3 a5 $19) 28... a5 29. f4
(29. Qd4 Qc6) (29. Qxh6 Qe5 $17) 29... gxf4 30. gxf4 a4 31. Qd4 (31. Qxh6 a3
32. Qg5+ Kf8 33. Qh6+ Ke8 34. Qh8+ Ke7 35. Qh4+ Kd7) 31... a3 32. f5 a2 33. Qa4
Qf4 34. Qxa2 (34. fxe6 Qd2+) 34... Qxe4+ 35. Kg3 Qxf5 36. Qc4 Qe5+ 37. Kf3 Qxh2
38. Qg4+ Kf8 39. Qb4+ Kg7 40. Qg4+ Kf6 41. Qd4+ Qe5 42. Qd8+ Kg7 43. Qc8 Qd5+
44. Ke2 h5 45. c4 Qe4+ 46. Kd2 h4 0-1

[Event "RUS-chT 05th"]
[Site "Maikop"]
[Date "1998.06.10"]
[Round "8"]
[White "Loginov, Valery A"]
[Black "Nikitin, Andrey"]
[Result "1-0"]
[WhiteElo "2500"]
[BlackElo "2410"]
[Annotator "Horn,Pe"]
[PlyCount "67"]
[EventDate "1998.06.03"]
[EventType "team-tourn"]
[EventRounds "11"]
[EventCountry "RUS"]
[SourceTitle "CBM 066"]
[Source "ChessBase"]
[SourceDate "1998.09.30"]
[SourceVersion "1"]
[SourceVersionDate "1998.09.30"]
[SourceQuality "1"]
[WhiteTeam "Sankt Petersburg"]
[BlackTeam "Tomsk 400"]
[WhiteTeamCountry "RUS"]
[BlackTeamCountry "RUS"]

1. Nf3 d5 2. g3 Bg4 3. Bg2 c6 4. O-O Nf6 5. c4 e6 6. d3 Be7 (6... Nbd7 7. Be3
Bc5 $1 $11) 7. Be3 {[%cal Yd1b3] Mit diesem Zug unterbindet Weiß die Parade
Qb6 auf Qb3.} dxc4 $146 (7... Nbd7 8. Qb3 Qc8 9. Nc3 O-O 10. Rac1 (10. cxd5
exd5 11. Rac1 Re8 12. Bd4 Nc5 13. Bxc5 (13. Qc2 Ne6) 13... Bxc5 14. Nxd5 cxd5
$8 15. d4 b6 (15... Rxe2 16. Rxc5 $36 {[%cal Yf3e5]}) 16. Rfe1 Qa6 17. dxc5
bxc5 18. Rxc5 $14 {Loginov,V-Lukacs,P/Budapest ExpFS SepGM/1993 Auch hier
besteht angesichts des reduzierten Materials und der ordentlich plazierten
schwarzen Figuren eine starke Tendenz zum Remis.}) 10... dxc4 11. dxc4 Qc7 12.
h3 Bxf3 13. Bxf3 Bc5 14. Bxc5 Nxc5 $10 {Kortschnoj-Spassky/Linares/1985 Die
Bewertung stammt aus dem Informator (39). Ich könnte mir aber vorstellen, daß
auf niedrigerem Level diese Stellung etwas bequemer für Weiß zu spielen ist.})
8. dxc4 Qxd1 9. Rxd1 Nbd7 10. Nc3 Bxf3 {Durchaus nicht unbedenklich, da Weiß
jetzt ein Pfund hat (das Läuferpaar), mit dem er wuchern kann.} (10... e5) (
10... O-O) 11. exf3 (11. Bxf3 $6 Ne5) 11... e5 $2 {Das bringt aber schon sehr
ernsthafte Schwierigkeiten mit sich.} (11... Bc5 {Die Halbierung des
Läuferpaares war die bessere Methode.} 12. Bxc5 Nxc5 13. b4 $14) (11... O-O)
12. Bh3 $1 $16 {[%csl Gd1,Ge3,Gh3][%cal Yd1d2,Ya1d1] Ungewöhnlich und stark:
Weiß übt einen lästigen Druck auf die schwarze Position aus, den er durch
Verdoppelung in der offenen Linie noch ausbauen kann. Schwarz dagegen kann
seinem Spiel keine Spitze geben.} (12. f4 exf4 13. Bxf4 $14 {ist auch nicht
schlecht, gibt Schwarz aber bessere Möglichkeiten.}) 12... Nb6 (12... Bc5 $2
13. Rxd7 $1 Bxe3 14. Rxb7 $16) 13. b3 O-O 14. Ne4 Nxe4 (14... Rad8 15. a4) 15.
fxe4 Rad8 16. a4 $16 {[%csl Rb6,Ge3,Gh3]} c5 (16... Bb4 17. a5 Nc8 18. Rxd8
Rxd8 19. a6 b6 20. Bxc8 Rxc8 21. Rd1 $16 {[%cal Yd1d7] Weiß beherrscht das
Geschehen.}) 17. a5 Na8 18. Bd7 $1 {Lehrreich: hinter dem Vorposten Bd7 kann
Weiß jetzt in Ruhe die R verdoppeln.} Nc7 19. Rd2 f6 20. f4 g6 21. Rad1 Kg7 22.
Kg2 h6 23. f5 {[%csl Rc5,Re5,Re7,Rf6] Der nächste Schritt: der Be7 wird
eingekerkert.} g5 24. Kf3 {[%cal Yf3g4]} h5 25. Ke2 Kf7 26. b4 $1 {Die d-Linie
ist zwar beeindruckend, aber um zu gewinnen, wird eine 2.Front eröffnet.} b6 (
26... cxb4 27. Bxa7 $18 {[%cal Ra7b6]}) 27. Ra1 Ra8 28. Bc6 {Erobert die 2.
offene Linie.} Rad8 29. axb6 Rxd2+ 30. Bxd2 axb6 31. Ra7 $18 {Mit dem
Eindringen in die 7.Reihe ist das schwarze Schicksal besiegelt.} Bd6 32. bxc5
bxc5 33. Ba5 Rc8 $2 {Verkürzt das Leiden.} (33... Ke7 34. Bxc7 Bxc7 35. Rxc7+
Kd6 36. Rh7 Kxc6 37. Rxh5 $18) 34. Bb7 (34. Bb7 Rb8 35. Bxc7 Bxc7 36. Bd5+ $18)
1-0

[Event "Nikolaev zt"]
[Site "Nikolaev"]
[Date "1995.??.??"]
[Round "1"]
[White "Milov, Leonid"]
[Black "Rakhmangulov, Andrei"]
[Result "1/2-1/2"]
[WhiteElo "2525"]
[BlackElo "2360"]
[Annotator "Horn,Pe"]
[PlyCount "138"]
[EventDate "1995.03.??"]
[EventType "swiss"]
[EventRounds "11"]
[EventCountry "UKR"]
[SourceTitle "CBM 047"]
[Source "ChessBase"]
[SourceDate "1995.08.01"]
[SourceVersion "1"]
[SourceVersionDate "1995.08.01"]
[SourceQuality "1"]

1. g3 Nf6 2. Bg2 d5 3. c4 c6 4. Nf3 g6 5. b3 Bg7 6. Bb2 O-O 7. O-O Bg4 8. d3
Qc8 (8... Bxf3 $14) (8... Nbd7 $14) 9. Re1 (9. Nbd2 Bh3 10. Rc1 Bxg2 11. Kxg2
Qd8 12. Qc2 Na6 $6 (12... a5) 13. a3 Rc8 14. b4 $14 {Vukic-Gligoric/YU/1987}) (
9. Nc3 Bh3 10. cxd5 Bxg2 11. Kxg2 cxd5 12. Rc1 Nc6 13. Na4 Qe8 14. Ne5 Nxe5 15.
Bxe5 Rc8 16. Qd2 Qb5 17. Qb2 {Hecht-Hurme/Nice ol/1974} (17. Kg1 $1 $14)) 9...
Re8 (9... Bh3 10. Bh1 Rd8 11. Nbd2 Na6 12. Rc1 Qf5 13. a3 Bh6 14. b4 Ng4 $6 15.
cxd5 Qxd5 16. Qc2 Qf5 17. e4 Qh5 18. Red1 Bg7 19. Bxg7 Kxg7 20. d4 $16 {
Polugaevsky-Trifunovic/Sarajevo/1965}) (9... Qf5 10. Nbd2 Qh5 11. Rc1 Nbd7 12.
cxd5 cxd5 13. Rc7 Ne8 14. Bxg7 Nxc7 15. Bxf8 Rxf8 $13 {Franco-Diaz/Capablanca
mem-B/1991}) 10. Nbd2 h6 11. d4 Bxf3 12. exf3 g5 13. Nf1 Nbd7 14. Ne3 e6 15. f4
$1 Nh7 (15... gxf4 $2 16. gxf4 {/\f5,Bh3,Kh1,Rg1}) 16. f5 Qd8 17. Bh3 Ndf6 18.
fxe6 fxe6 19. Nc2 Nf8 20. Ba3 N6h7 21. Qd2 Qf6 22. Rad1 (22. Bd6 {/\Be5} Ng6
23. f4 gxf4 24. gxf4 Rad8 25. c5 Bf8 26. Be5 Nxe5 27. fxe5 Qg5+ 28. Qg2 $14)
22... Rad8 23. Bg4 Ng6 24. Bh5 e5 25. cxd5 cxd5 (25... Rxd5 26. dxe5 Rxd2 27.
exf6 Rxe1+ 28. Rxe1 Rxc2 29. Bxg6 Rxa2) 26. dxe5 Rxe5 27. Ne3 (27. Nd4 Rxe1+
28. Qxe1) 27... d4 28. Qd3 (28. Bb2 Re6 29. Nc2) 28... Nhf8 29. Ng4 Rxe1+ 30.
Rxe1 Qa6 31. Qxa6 bxa6 {Now Bh5 and Ng4 are slightly misplaced.} 32. Kf1 $2 (
32. Bc5 $1 d3 (32... Rd7 $2 33. Re8 $16) 33. Bxa7 d2 34. Rd1 $16) 32... d3 33.
Rb1 (33. Rd1 {looks normal}) 33... Kh7 34. Ne3 (34. Bxg6+ Nxg6 35. Ne3) 34...
Ne5 35. Nf5 (35. Ke1 {/\Kd2} Ne6) 35... Bf6 36. Bb2 Nfg6 37. Ne3 Bg7 38. Kg2 a5
39. Bd1 Bf6 40. Ng4 Nxg4 41. Bxg4 Bxb2 42. Rxb2 Ne5 43. Bd1 Rb8 44. Rb1 Kg6 (
44... Rc8 $1 45. Kf1 (45. h3 Rc2) 45... g4 46. Ke1 Kg6 47. Kd2 Kf5 48. Ke3 $15)
45. Rc1 Kf5 46. f3 a4 47. Rc5 Rb6 48. Kf2 Kf6 49. Rd5 Rc6 50. f4 (50. Ra5 $2
Rc2+ 51. Bxc2 $4 dxc2 52. Rc5 (52. Ra6+ Ke7 53. Rxa7+ Kd8 $19) 52... Nd3+ $19)
50... gxf4 51. gxf4 Ng6 $10 52. Ke3 Re6+ 53. Kf3 Re1 54. Rxd3 Rf1+ 55. Ke4
Rxf4+ 56. Ke3 axb3 57. Bxb3 (57. Rd6+ $2 Kg5 58. Rxg6+ Kxg6 59. Kxf4 bxa2 $19)
57... Rh4 58. Rd6+ Kg5 59. Rd5+ Kf6 60. Rd6+ Kg5 61. Rd2 Ne5 62. Rd5 Kf6 63.
Rd6+ Kg5 64. Ra6 Rxh2 65. Rxa7 h5 66. Bd5 Ng4+ 67. Kd3 Nf6 68. Bc6 h4 69. a4 h3
1/2-1/2

[Event "RUS-Cup03 Geller Memorial"]
[Site "Moscow"]
[Date "1999.02.14"]
[Round "5"]
[White "Burmakin, Vladimir"]
[Black "Belov, Vladimir"]
[Result "1-0"]
[WhiteElo "2534"]
[BlackElo "2349"]
[Annotator "Horn,Pe"]
[PlyCount "84"]
[EventDate "1999.02.10"]
[EventType "swiss"]
[EventRounds "9"]
[EventCountry "RUS"]
[SourceTitle "CBM 070"]
[Source "ChessBase"]
[SourceDate "1999.06.08"]
[SourceVersion "1"]
[SourceVersionDate "1999.06.08"]
[SourceQuality "1"]

1. Nf3 Nf6 2. g3 d5 3. Bg2 c6 4. O-O Bg4 5. c4 dxc4 {Verglichen mit dem
Reti-Gambit (4.c4 dxc4) ist das Schlagen an dieser Stelle klar schlechter, da
der Bg4 ungünstig steht.} 6. Na3 Qd5 7. Qc2 Be6 (7... Bf5 8. Qxc4 e6 9. Qb3
Qxb3 10. axb3 Be4 (10... Nbd7) 11. Nc4 Nbd7 12. d3 Bxf3 13. Bxf3 Nd5 14. Bd2
Be7 15. e4 Nb4 16. Bc3 O-O 17. d4 Rfd8 18. Rfd1 f5 $2 19. exf5 exf5 20. Bxb4
Bxb4 21. d5 $16 {Loginov,V-Sermek,D/Kecskemet 1992}) 8. h4 {[%cal Yf3g5]} (8.
Re1 Na6 9. h4 Qc5 10. Ng5 Bd7 (10... Bd5 11. e4 Nb4 12. Qc3 Nd3 13. Re2 h6 14.
exd5 hxg5 15. Qxc4 Qxc4 16. Nxc4 $14) 11. Nxc4 b5 12. Ne3 $14 {Prokopchuk,
E-Mukhametov,E/Alushta 1997}) 8... Bf5 $146 {Schwarz entscheidet sich
nachträglich doch noch, den B nach f5 zu stellen. Gegenüber Loginov-Sermek (s.
o.) kann man kaum von einem echten Tempoverlust sprechen (Ph4 ist nicht viel
wert).} (8... Qf5 9. Qc3 (9. Qxf5 Bxf5 10. Nxc4 $14) 9... Nd5 (9... Ne4 $5) 10.
Qxc4 Ne3 11. Qb4 Nxg2 (11... Nxf1 12. Qxb7 $18) 12. Kxg2 (12. Qxb7 Nf4 13. gxf4
Qg4+ 14. Kh1 Bd5 $11) 12... b6 13. d3 Nd7 (13... Qh3+ 14. Kg1 Bd5 $132) 14. Ng5
$13 {Wockenfuss,K-Dewenter,U/Ostend 1993}) (8... Qe4) 9. Qxc4 e6 10. Qa4 $5 (
10. Qb3 {wäre Loginovs Methode (s.o.).}) (10. d3 Bxa3 11. bxa3 Qxc4 12. dxc4
Nbd7 $13) 10... Nbd7 11. d3 {[%cal Re2e4]} Nb6 12. Qc2 Qd8 (12... Bg6 $5) 13.
Nc4 Nxc4 14. Qxc4 Bd6 15. Bg5 ({Man konnte auch gleich} 15. Bf4 {spielen.})
15... h6 16. Bf4 Bxf4 17. Qxf4 O-O 18. Rfc1 {Der natürliche weiße Plan ist ein
Vormarsch am Damenflügel, gestützt auf den Bg2.} Qb6 (18... Qe7 {gefällt mir
besser.}) 19. Rab1 a5 20. Ne5 (20. b4 $5 {[%csl Gb1,Gc1] wäre der direkte
Versuch.} axb4 (20... a4 {ist nur eine Notlösung.}) 21. Rxb4 Qa7 ({oder} 21...
Qa6 22. Ne5 Nd5 23. Bxd5 cxd5 24. g4 Bh7 25. Rc7 $16) 22. Ne5 Nd5 23. Bxd5 {
Von dem Fianchettoläufer trennt man sich nicht so gerne; vielleicht hat Weiß
deswegen diese Variante vermieden.} cxd5 24. e4 $16) 20... Rfd8 (20... Rad8 {
hielte den Pf7 geschützt.}) 21. g4 Rd4 (21... Bh7 $2 22. g5 $18 {[%csl Rf7]}) (
21... Bg6 22. Nxg6 Rd4 23. Qg3 fxg6 24. Bf3 $14) 22. e4 $8 Bg6 23. g5 hxg5 24.
hxg5 {Ab jetzt lauern langfristig Mattgefahren für Schwarz in der h-Linie (R+Q)
.} Nd7 (24... Nd5 25. Qg3 Ne7 26. Bf3 $36 {[%cal Yg1g2,Yc1h1]}) 25. Nc4 (25.
Nxg6 {führt zu nichts:} fxg6 {und der Kg8 hat an Sicherheit gewonnen.}) 25...
Qd8 26. Qe3 Nf8 (26... e5 27. f4 b5 $13) 27. Rc3 c5 $2 (27... f6 $5 {schützt
den Kg8 besser.}) 28. Ne5 Qd6 29. f4 Rd8 30. Bf1 b5 {[%cal Yc5c4]} 31. b3 {
[%cal Yb1b2,Yb2h2]} Nd7 $6 (31... Bh5 32. Rb2 $40) 32. Nf3 $2 ({Ich sehe nicht,
was gegen} 32. Nc6 $1 $16 {spricht.}) 32... Bh5 (32... e5 33. Qf2) 33. Rc2 Bxf3
34. Qxf3 c4 $6 {Schwarz versucht, mit einem Bauernopfer Gegenspiel zu erlangen.
} (34... e5 35. f5 $40) (34... Nf8 $5 35. Rbc1 (35. Rh2 Ng6) 35... Ng6 36. Rf2
(36. Rxc5 Nxf4 37. Rc6 Qb8 $13) (36. f5 exf5 (36... Ne5 $5) 37. Qxf5 Qg3+ 38.
Rg2 Qe3+ 39. Rf2 Rxd3 $132) 36... e5 37. f5 Nf4 38. Rh2 $16) 35. bxc4 bxc4 36.
Rxc4 Rxc4 37. dxc4 Qd4+ 38. Qf2 $1 Qxe4 $2 {Gewinnt den P zurück, begibt sich
aber in eine sehr unangenehme Fesselstellung.} (38... Nc5 $142 {bringt auch
die letzte Figur ins Spiel}) 39. Rd1 {[%csl Rd7,Rd8]} Qa8 $2 $138 {zu passiv.}
(39... Qf5 $8 {[%cal Ye6e5] bot eher Schwindelchancen.} 40. Bg2 (40. Qd4 e5 41.
fxe5 Qxg5+ 42. Bg2 Kf8) 40... e5 41. Qe3 $1 $18) 40. Bg2 $18 Qc8 41. Qd4 Kf8
42. Qd6+ Ke8 1-0

[Event "RUS-Cup03 Geller Memorial"]
[Site "Moscow"]
[Date "1999.02.13"]
[Round "4"]
[White "Gorbatov, Alexej"]
[Black "Popov, Valerij"]
[Result "0-1"]
[WhiteElo "2417"]
[BlackElo "2582"]
[Annotator "Horn,Pe"]
[PlyCount "56"]
[EventDate "1999.02.10"]
[EventType "swiss"]
[EventRounds "9"]
[EventCountry "RUS"]
[SourceTitle "CBM 070"]
[Source "ChessBase"]
[SourceDate "1999.06.08"]
[SourceVersion "1"]
[SourceVersionDate "1999.06.08"]
[SourceQuality "1"]

1. Nf3 d5 2. g3 Bg4 3. Bg2 Nd7 4. c4 e6 5. cxd5 exd5 6. O-O c6 7. d3 Bd6 8. Nc3
Ne7 9. Qc2 O-O 10. e4 Rc8 {gegen exd5 gerichtet.} (10... Nc5 11. Be3 (11. exd5
Nxd5 12. Nxd5 cxd5 13. d4 Ne4 14. Qb3 Qa5 15. Be3 Rfc8 16. Ne5 Be6 17. Rfc1 $2
Bxe5 18. dxe5 d4 $17 {Markowski,T-Rublevsky,S/Polanica Zdroj 1998}) (11. Ne2
Ne6 12. Be3 Qd7 13. Nh4 g5 14. f3 gxh4 15. fxg4 Ng7 16. g5 hxg3 17. Nxg3 d4 18.
Bf4 (18. Bxd4 Bxg3 19. Bxg7 Bxh2+ 20. Kxh2 Kxg7 21. Qc3+ Kg8 22. Rad1 $16)
18... Bxf4 19. Rxf4 Ng6 20. Rf6 Qg4 21. Qd2 Ne6 22. Rf5 $2 (22. Nf5) 22... Nh4
$17 {Ninov,K-Sharif,M/Cap d'Agde 1994}) (11. Bg5 $5) 11... Ne6 12. exd5 cxd5
13. Nb5 Nf5 14. Qa4 Nxe3 15. fxe3 Bf5 16. Ne5 (16. Qb3) 16... Bxe5 17. Rxf5
Bxb2 18. Rb1 Bf6 19. Rxd5 $14 {Markowski,T-Krasenkow,M/Polanica Zdroj 1998}) (
10... a6 11. Bg5 f6 12. Bd2 Kh8 13. exd5 cxd5 14. h3 Bh5 15. Nd4 $14 {Loginov,
V-Varga,P/Budapest 1994}) (10... Re8 11. Bg5 Rc8 12. exd5 cxd5 13. Qa4 Bf5 14.
Bxe7 Bxe7 15. Nxd5 Bxd3 16. Rfe1 Bc5 17. Rxe8+ Qxe8 18. Re1 Qd8 19. Bh3 f5 20.
Qd1 Be4 21. Rxe4 fxe4 22. Bxd7 $16 {Fancsy,I-Khenkin,I/Heraklio 1993}) (10...
dxe4 11. dxe4 Ne5 (11... Nc5 12. Be3 Ne6 13. Rad1 $14 {Preiss,M-Klebel,M/
Badenweiler 1990}) 12. Nxe5 Bxe5 13. Be3 Bd4 14. Bxd4 Qxd4 15. h3 Be6 16. Rad1
Qc5 17. Rd2 $14 {Berkovich,M-Kogan,A/ISR-chT 1996}) 11. b3 $146 (11. Be3 Bc5
12. Bxc5 Nxc5 13. Ne5 Bh5 (13... Be6 14. Rad1) 14. f4 f6 15. Nf3 Qb6 16. Kh1
dxe4 17. dxe4 Rcd8 18. Rad1 {1/2-1/2 Pigusov,E-Popov,V/St. Petersburg 1998}) (
11. Bg5) (11. h3) 11... Qa5 {Sieht etwas eigenartig aus, die Qa5 hat aber
interessante Optionen (Qa6, dxe4 nebst Qh5).} 12. Bd2 (12. Bb2 f5 $5) (12. a3
$5) 12... Qa6 13. Rfe1 (13. Be3 $5 {verhindert Nc5.}) (13. d4 c5 $1 14. dxc5
Nxc5 (14... Bxc5 15. exd5 Nxd5 16. Ng5 N5f6 $15) 15. exd5 Bf5 16. Qd1 Ne4 $15)
13... Nc5 14. d4 Ne6 {[%cal Rg4f3]} (14... Nxe4 15. Nxe4 dxe4 16. Qxe4 Bf5 $132
) 15. Be3 Bb4 16. a3 {Unnötiges Risiko} ({Die Zwischenzüge} 16. Ne5 Bh5 {
hätten die Möglichkeit Bf5 ausgeschaltet.} 17. a3) 16... Bxc3 17. Qxc3 dxe4 18.
Ne5 Bf5 19. g4 Bg6 (19... Nd5 20. Qc4) 20. h4 $2 {schwächt den Königsflügel zu
sehr.} (20. Nxg6 hxg6 21. Bxe4 Nd5 22. Qc2 $11) 20... h5 {[%csl Rh4] fixiert
Ph4} (20... Nd5) 21. gxh5 Bxh5 22. Bxe4 Nd5 23. Qd2 $2 (23. Qc2) 23... Rcd8 24.
Bf5 (24. Qc2 $142) 24... c5 $1 {Die Entscheidung: das weiße Zentrum bröckelt
und die Qa6 kehrt ins Spiel zurück. Der geschwächte weiße Königsflügel ist
jetzt dem Ansturm der schwarzen Figuren hilflos ausgeliefert.} 25. dxc5 (25.
Bd3 Qd6 26. Nc4 Qe7 27. Bg5 f6 28. Bf5 Nxd4 $1 $19) 25... Nxe3 26. Qxe3 Nd4 27.
Bd3 Qf6 28. Be4 {Verliert sofort; es gab aber keine Rettung mehr.} (28. Qe4 Bg6
29. Nxg6 Nf3+ 30. Kh1 (30. Kg2 Nxe1+ 31. Rxe1 fxg6 $19) 30... fxg6 31. Bc4+ (
31. Red1 Rxd3 $19) 31... Kh7 32. Red1 Nd2 $19 {[%cal Rd8d4]}) (28. Qg5 Qxg5+
29. hxg5 Rfe8 {[%cal Re8e5]} 30. Kg2 Nxb3 31. Rab1 Rxe5 32. Rxe5 Rxd3 $19) (28.
b4 Rfe8 $19) 28... Qxe5 0-1

[Event "Tel Aviv"]
[Site "Tel Aviv"]
[Date "1992.??.??"]
[Round "4"]
[White "Berkovich, Mark A"]
[Black "Gofshtein, Leonid D"]
[Result "0-1"]
[WhiteElo "2455"]
[BlackElo "2485"]
[Annotator "Horn,Pe"]
[PlyCount "44"]
[EventDate "1992.04.??"]
[EventType "tourn"]
[EventRounds "11"]
[EventCountry "ISR"]
[EventCategory "11"]
[SourceTitle "CBM 030"]
[Source "ChessBase"]
[SourceDate "1992.10.01"]
[SourceVersion "1"]
[SourceVersionDate "1992.10.01"]
[SourceQuality "1"]

1. Nf3 d5 2. g3 c6 3. Bg2 Bg4 4. O-O e6 5. c4 Bd6 6. cxd5 exd5 7. d3 Ne7 8. Nc3
O-O 9. h3 $6 Bh5 10. Qb3 $2 (10. Qc2) 10... Nd7 $1 11. Bd2 (11. Qxb7 Nc5 12.
Qb4 Nxd3) 11... Nc5 12. Qc2 Qd7 13. g4 $2 (13. e4 $2 dxe4 14. dxe4 Bxf3 15.
Bxf3 Qxh3 $19) 13... Bg6 14. Nh4 f5 $1 $40 15. gxf5 Nxf5 16. Nxg6 hxg6 {/\ Nh4}
17. Bg5 Ne6 18. Qd2 Bc7 19. e4 Qd6 20. f4 Bb6+ 21. Kh2 Be3 22. Qe2 (22. e5 Qc7
23. Qe2 Nxg5 24. fxg5 Qxe5+ $19) 22... Nxf4 0-1

[Event "United Insurance 4th"]
[Site "Dhaka"]
[Date "1999.02.24"]
[Round "6"]
[White "Wojtkiewicz, Aleksander"]
[Black "Neelotpal, Das"]
[Result "1-0"]
[WhiteElo "2570"]
[BlackElo "2436"]
[Annotator "Horn,Pe"]
[PlyCount "77"]
[EventDate "1999.02.19"]
[EventType "tourn"]
[EventRounds "13"]
[EventCountry "BAN"]
[EventCategory "10"]
[SourceTitle "CBM 070"]
[Source "ChessBase"]
[SourceDate "1999.06.08"]
[SourceVersion "1"]
[SourceVersionDate "1999.06.08"]
[SourceQuality "1"]

1. Nf3 d5 2. g3 c6 3. Bg2 Nf6 4. O-O Bg4 5. c4 e6 6. cxd5 exd5 7. d3 Be7 8. Be3
{[%cal Yd1b3] Verhindert Qb6 und bereitet so Qb3 vor.} O-O (8... Nbd7 9. Qb3
Qb8 10. Bf4 (10. Nc3 $142) 10... Qc8 11. Qc2 Nc5 12. e4 $2 Nxd3 $1 $17 {
Loginov-Welling/Wien op/1994}) 9. Qb3 Bc8 $146 {Neuerungen dieser Art werden
wohl nicht am grünen Tisch entworfen.} (9... Qc7 10. Nc3 Nbd7 11. Rac1 Rfc8 12.
Nd4 Nc5 13. Qc2 Qd7 14. b4 Ne6 15. Qb3 b6 $6 16. Rfd1 $6 Rab8 $6 17. b5 $14 {
Bosboom,M-Jonkman,H/Vlissingen 1998}) 10. Nc3 Na6 11. h3 Re8 12. Rac1 Bd6 13.
Bd2 {[%cal Ye2e4]} h6 {[%cal Yc8f5]} (13... Nc5) 14. a3 Bf5 15. Nd4 (15. Qxb7
$2 Nc5 $19) 15... Bh7 16. Qc2 {Die schwarze Stellung macht trotz des
Zeitverlusts mit dem B einen ansprechenden Eindruck.} (16. Qxb7 $2 Nc5 17. Qxc6
Rc8 $17) 16... Qd7 (16... c5 $5 17. Ndb5 Bf8) 17. b4 c5 $1 (17... Rac8 {
[%cal Yc6c5]}) 18. bxc5 Bxc5 19. Ncb5 $8 Rac8 20. Qb2 Nb8 $1 {[%cal Ra7a6] Es
zeigt sich, daß die N auf wackeligen Beinen stehen.} 21. Rxc5 $5 {Weiß
entscheidet sich für die Gewaltlösung.} (21. Bf4) (21. Be3) 21... Rxc5 22. Nxa7
{[%csl Gd4]} Na6 $2 (22... Qa4 23. Nab5 Nc6 {und die Lage ist noch völlig
undurchsichtig: für die Qualität hat Weiß nur einen P und den Prachtspringer
auf d4.}) 23. Bb4 {Jetzt verliert Schwarz seine Qualität zurück.} Nxb4 $2 ({
Wenigstens sollte Schwarz den Verlust der Qualität nutzen, um den Nd4 aus
seiner dominierenden Position zu vertreiben.} 23... Rc7 24. Nab5 Rc6 25. Nxc6
bxc6 26. Nc3 c5 27. Ba5 $16) 24. axb4 $18 Rc7 25. Ndb5 Bf5 26. Kh2 h5 27. Nxc7
Qxc7 28. Nb5 Qb6 29. Nd4 Bd7 30. Nf3 Qe6 31. Re1 Ra8 32. Rb1 Re8 33. Nd4 Qe5
34. Kg1 Qd6 35. Qd2 Qb6 36. Qc3 Rc8 37. Qa1 Re8 38. e3 Ra8 39. Qxa8+ 1-0

[Event "Bern op"]
[Site "Bern"]
[Date "1992.??.??"]
[Round "5"]
[White "Barle, Janez"]
[Black "Sveshnikov, Evgeny"]
[Result "1/2-1/2"]
[WhiteElo "2430"]
[BlackElo "2560"]
[Annotator "Horn,Pe"]
[PlyCount "85"]
[EventDate "1992.02.??"]
[EventType "swiss"]
[EventRounds "9"]
[EventCountry "SUI"]
[SourceTitle "CBM 028"]
[Source "ChessBase"]
[SourceDate "1992.06.01"]
[SourceVersion "1"]
[SourceVersionDate "1992.06.01"]
[SourceQuality "1"]

1. Nf3 d5 2. g3 c6 3. Bg2 Nf6 4. O-O Bf5 5. d3 e6 6. c4 Nbd7 7. Nc3 dxc4 8.
dxc4 Bb4 (8... Be7 9. Bf4 O-O 10. h3 Ne4 11. Nxe4 Bxe4 12. Qd2 Nc5 13. Rad1
Qxd2 14. Rxd2 Rfd8 15. b3 a5 16. Rfd1 a4 17. Rxd8+ Rxd8 18. Rxd8+ Bxd8 19. b4
Nb3 20. Ne5 $10 {Osnos-Sveshnikov, Leningrad 1987}) 9. Bd2 {N; /\ Nb5} (9. Nd4
Bg6 10. Qb3 a5 11. Na4 O-O 12. a3 Nc5 13. Qd1 Nxa4 14. axb4 Nb6 15. b5 c5 16.
Nb3 Qxd1 17. Rxd1 Bc2 18. Rd3 {Dlugy-Sveshnikov, Palma GMA op 1989}) 9... O-O
10. a3 Be7 11. Nh4 (11. b4 Ne4 12. Nxe4 Bxe4 13. Qb3 $10) (11. h3 Ne4 12. Nxe4
Bxe4 $10) 11... Bg4 12. h3 (12. Qc2) 12... Bh5 13. g4 Ne8 (13... Bg6 14. Nxg6
hxg6 15. b4 $14) 14. Nf3 (14. gxh5 Bxh4 $15) 14... Bg6 15. b4 h5 (15... Nd6 $5
$10) 16. Qb3 hxg4 17. hxg4 Qc7 18. Be3 Nef6 19. Nh2 Ne5 20. f3 (20. g5 $2 Neg4
$17) 20... a5 21. Rad1 axb4 22. axb4 Ra6 {/\ Rfa8} 23. g5 (23. b5 $2 Ra3) 23...
Nh5 (23... Ne8 24. Bf4) 24. f4 Nd7 25. c5 (25. Rf3 $5) 25... b6 (25... Rfa8 26.
Qc4 $10) 26. Qc4 (26. b5 $2 Nxc5 $19) 26... b5 27. Qb3 (27. Nxb5 $2 cxb5 28.
Qxb5 Nb8) 27... Rfa8 28. Rf3 $1 {/\ Rh3,Bf3+/-} Bf5 29. Bh3 Ra3 30. Qb2 Bxh3 (
30... g6 $2 {/\ Bf8-g7} 31. Ng4 $16) 31. Rxh3 Nxf4 $1 (31... g6 32. Ng4 $16)
32. Bxf4 Qxf4 33. Rxd7 Qxg5+ 34. Kf2 Qf5+ (34... Bf6 $5) 35. Rf3 Bh4+ 36. Kg2
Qg6+ 37. Kh3 Qh5 38. Kg2 Bf6 (38... Qg6+ 39. Kh3 $10) 39. Qd2 Rxc3 40. Rxc3
Bxc3 41. Qxc3 Qxe2+ 42. Kg1 e5 (42... Ra2 43. Rd8+ Kh7 44. Qh3+ (44. Qd3+ Qxd3
45. Rxd3) 44... Kg6 45. Qg3+ (45. Qg4+ Qxg4+ 46. Nxg4 f6) 45... Kf6 46. Qf4+
$10) 43. Rd2 1/2-1/2